000 00858cab a2200253 4500
001 WB3436-11
008 090401t1998 xxu||||| |||| 00| 0 eng d
035 _a(Sirsi) u88610
041 _aeng
245 _aSun power gets into hot water
260 _c1998
350 _a0
490 _aFinancial Times
_v22 September 1998, 18(1)
520 _aA project undertaken in Wales as part of the European Union`s Thermie programme suggests that solar water heating systems can reduce energy bills by as much as 50% as well as significantly reducing carbon dioxide emissions.
650 _aCARBON DIOXIDE EMISSIONS
650 _aEUROPEAN UNION
650 _aPHOTOVOLTAIC SYSTEMS
650 _aSOLAR POWER
650 _aTHERMIE
650 _aWATER HEATING
690 _aENVIRONMENTAL AND LAND CONSULTANCY-ENERGY
942 _n0
948 _c23/09/1998
999 _c56014
_d56014